000 00643nam a2200277Ia 4500
005 20260324130551.0
008 008 260324s9999 xx 000 0 eng d
020 _a9781315080796
037 _aEBOOK
040 _aCRL
040 _beng
040 _cCRL
041 _2eng
041 _aeng
084 _qCRL
100 _aLester G Telser
_91182266
245 0 _aCompetition, Collusion, and Game Theory
260 _bTaylor and Francis
260 _c2007
365 _a
365 _b230
856 _uhttp://www.taylorfrancis.com/books/9781315080796
942 _cEBOOK
999 _c1778550
_d1778550